000
00295nam a22001217a 4500
008
230619b xxu||||| |||| 00| 0 eng d
020
_a
7119036157
082
_a
306.8
_b
DON 2004
245
_a
Chinese Culture
260
_a
China
_b
Foreign Languages Press
_c
2004
300
_a
107p
942
_2
ddc
_c
BK
999
_c
1407
_d
1407